000
00190 a2200097 4500
001
11661
090
_c
8971
_d
8971
100
_a
Jane's
245
_a
Jane's world airforces
260
_c
1996
942
_a
NUST-CAE
_k
358.4 PEA
999
_c
246734
_d
246734